The Permo-Carboniferous orogeny in the south-central United States / (Record no. 26929)
[ view plain ]
| 000 -LEADER | |
|---|---|
| fixed length control field | 01502cam a22003371a 4500 |
| 001 - CONTROL NUMBER | |
| control field | gs 32000012 |
| 003 - CONTROL NUMBER IDENTIFIER | |
| control field | DLC |
| 005 - DATE AND TIME OF LATEST TRANSACTION | |
| control field | 20260227111336.0 |
| 008 - FIXED-LENGTH DATA ELEMENTS--GENERAL INFORMATION | |
| fixed length control field | 790517s1931 ne abf b 001 0 eng c |
| 010 ## - LIBRARY OF CONGRESS CONTROL NUMBER | |
| LC control number | gs 32000012 |
| 035 ## - SYSTEM CONTROL NUMBER | |
| System control number | (OCoLC)4977419 |
| 040 ## - CATALOGING SOURCE | |
| Original cataloging agency | U.S. Geol. Survey Libr. |
| Transcribing agency | NIC |
| Modifying agency | DNAL |
| -- | DLC |
| 050 00 - LIBRARY OF CONGRESS CALL NUMBER | |
| Classification number | Q57 |
| Item number | .A533 deel 27, no. 3 |
| 051 ## - LIBRARY OF CONGRESS COPY, ISSUE, OFFPRINT STATEMENT | |
| Classification number | QE671 |
| Item number | .W37 |
| 070 0# - NATIONAL AGRICULTURAL LIBRARY CALL NUMBER | |
| Classification number | Q57.V47 |
| Item number | d.27 no.3 |
| 072 00 - SUBJECT CATEGORY CODE | |
| Subject category code | X400 |
| 082 ## - DEWEY DECIMAL CLASSIFICATION NUMBER | |
| Classification number | 551.43 |
| 100 2# - MAIN ENTRY--PERSONAL NAME | |
| Personal name | Waterschoot van der Gracht, W. A. J. M. van |
| Fuller form of name | (Willem Anton Joseph Maria), |
| Dates associated with a name | 1873-1943. |
| 245 14 - TITLE STATEMENT | |
| Title | The Permo-Carboniferous orogeny in the south-central United States / |
| Statement of responsibility, etc. | by W.A.J.M. van Waterschoot van der Gracht. |
| 260 ## - PUBLICATION, DISTRIBUTION, ETC. | |
| Place of publication, distribution, etc. | Amsterdam : |
| Name of publisher, distributor, etc. | Noord-Hollandsche Uitg. Mij., |
| Date of publication, distribution, etc. | 1931. |
| 300 ## - PHYSICAL DESCRIPTION | |
| Extent | 170 p., [12] leaves of plates (some folded) : |
| Other physical details | ill., maps ; |
| Dimensions | 27 cm. |
| 490 0# - SERIES STATEMENT | |
| Series statement | Verhandelingen der Koninklijke Akademie van Wetenschappen te Amsterdam, Afdeeling Natuurkunde. Tweede sectie ; |
| Volume/sequential designation | d. 27 no. 3 |
| 500 ## - GENERAL NOTE | |
| General note | Part of illustrative matter folded in pocket. |
| 500 ## - GENERAL NOTE | |
| General note | Presented at the meeting of the Royal Academy of Sciences in Amsterdam in Feb. 1930. Also read before the American Association of Petroleum Geologists at the New Orleans meeting in Mar. 1930. |
| 504 ## - BIBLIOGRAPHY, ETC. NOTE | |
| Bibliography, etc. note | Bibliography: p. [157]-162. |
| 500 ## - GENERAL NOTE | |
| General note | Includes index. |
| 650 #0 - SUBJECT ADDED ENTRY--TOPICAL TERM | |
| Topical term or geographic name entry element | Mountains |
| Geographic subdivision | United States. |
| 651 #0 - SUBJECT ADDED ENTRY--GEOGRAPHIC NAME | |
| Geographic name | Ouachita Mountains (Ark. and Okla.) |
| 651 #0 - SUBJECT ADDED ENTRY--GEOGRAPHIC NAME | |
| Geographic name | Wichita Mountains (Okla.) |
| 650 #0 - SUBJECT ADDED ENTRY--TOPICAL TERM | |
| Topical term or geographic name entry element | Geology, Stratigraphic |
| Chronological subdivision | Carboniferous. |
No items available.